|
|
|
|
| LEADER |
00000nam2a2200000 4500 |
| 001 |
315203 |
| 005 |
20231102002744.0 |
| 010 |
|
|
|a 9785991658119
|
| 035 |
|
|
|a (RuTPU)RU\TPU\book\340636
|
| 090 |
|
|
|a 315203
|
| 100 |
|
|
|a 20160226d2016 m y0rusy50 ca
|
| 101 |
0 |
|
|a rus
|
| 102 |
|
|
|a RU
|
| 105 |
|
|
|a a j 001zy
|
| 200 |
0 |
|
|a Т. 2 : Рынки факторов производства. Равновесие. Экономика риска
|
| 210 |
|
|
|d 2016
|
| 215 |
|
|
|a 384 с.
|c ил.
|
| 320 |
|
|
|a Библиогр. в конце разд.
|
| 330 |
|
|
|a Основу данного учебника составляют лекции по современной микроэкономической теории, читаемые автором на экономическом факультете Санкт-Петербургского государственного университета. Большинство рассмотренных в учебнике моделей находится в русле неоклассического мейнстрима.Во втором томе рассматривается материал разделов, завершающих стандартный курс неоклассической микроэкономики: теории факторных рынков, общего равновесия и общественного благосостояния. Темы последнего раздела, посвященного анализу экономики информации, неопределенности и риска, выходят за рамки неоклассической парадигмы и относятся уже к возникающей неоинституциональной микроэкономике, по глубине и методологии анализа они соответствуют продвинутому уровню.
|
| 461 |
|
1 |
|0 (RuTPU)RU\TPU\book\328166
|y 978-5-9916-6553-7
|t Микроэкономика
|o учебник для бакалавриата и магистратуры
|o в 2 т.
|f В. В. Деньгов
|g Санкт-Петербургский государственный университет (СПбГУ)
|v Т. 2 : Рынки факторов производства. Равновесие. Экономика риска
|e 4-е изд.
|d 2016
|s Бакалавр и магистр. Академический курс
|
| 606 |
1 |
|
|a Микроэкономика
|2 stltpush
|3 (RuTPU)RU\TPU\subj\36419
|9 57809
|
| 610 |
1 |
|
|a экономика
|
| 610 |
1 |
|
|a факторные рынки
|
| 610 |
1 |
|
|a производство
|
| 610 |
1 |
|
|a доходы
|
| 610 |
1 |
|
|a спрос
|
| 610 |
1 |
|
|a труд
|
| 610 |
1 |
|
|a заработная плата
|
| 610 |
1 |
|
|a предложение
|
| 610 |
1 |
|
|a экономическая рента
|
| 610 |
1 |
|
|a удерживание
|
| 610 |
1 |
|
|a капитал
|
| 610 |
1 |
|
|a ссудный процент
|
| 610 |
1 |
|
|a межвременной выбор
|
| 610 |
1 |
|
|a функциональное распределение
|
| 610 |
1 |
|
|a экономическое равновесие
|
| 610 |
1 |
|
|a экономическая эффективность
|
| 610 |
1 |
|
|a общественное благосостояние
|
| 610 |
1 |
|
|a рыночное равновесие
|
| 610 |
1 |
|
|a внешние эффекты
|
| 610 |
1 |
|
|a экономические риски
|
| 610 |
1 |
|
|a неопределенности
|
| 610 |
1 |
|
|a инвестиционные решения
|
| 610 |
1 |
|
|a предпочтения
|
| 610 |
1 |
|
|a информационная асимметрия
|
| 610 |
1 |
|
|a неблагоприятный отбор
|
| 610 |
1 |
|
|a оппортунистическое поведение
|
| 610 |
1 |
|
|a спекуляция
|
| 610 |
1 |
|
|a аукционы
|
| 610 |
1 |
|
|a учебники
|
| 686 |
|
|
|a У012.1я73
|v LBC/SL-A
|2 rubbk
|
| 801 |
|
1 |
|a RU
|b 63413507
|c 20160226
|
| 801 |
|
2 |
|a RU
|b 63413507
|c 20160407
|g RCR
|
| 900 |
|
|
|a Микроэкономика
|
| 942 |
|
|
|c BK
|
| 951 |
|
|
|l 8.1
|l 8.3
|
| 959 |
|
|
|a 24/20160224
|d 1
|e 819,00
|f ЧЗГЛ:1
|